000 00512nam a2200229Ia 4500
005 20250425162330.0
008 250425s9999 xx 000 0 und d
041 _aspa
082 _a158.1
100 _aSCHWARTZ, DAVID JOSEPH
245 0 _aLA MAGIA DE PENSAR EN GRANDE
250 _a1A ED.
260 _aBOGOTA
260 _aColombia
_bLA VERDAD
_c1997
300 _a258
650 _aEXITO
650 _aEXITO
650 _aMOTIVACION
650 _aMOTIVACION
942 _c01
010 _a62929
999 _c227034
_d227034